| 000 | 01342nam a2200337 i 4500 | ||
|---|---|---|---|
| 003 | DO-SdBNP | ||
| 005 | 20250605100327.0 | ||
| 007 | ta | ||
| 008 | 250605b2024 dr a|||| |||| 00| 0 spa d | ||
| 020 | _a9789945223965 | ||
| 040 |
_aDO-SdBNP _bspa _cBNPHU _erda |
||
| 082 | 4 |
_axxx _bxxx _222 |
|
| 100 |
_aGarcía, Xiomara Altagracia, _eautor _4aut. _972733 |
||
| 245 | 1 | 0 |
_aVuelta al laberinto / _cXiomara Altagracia García ; revisión, Graciela de la Cruz ; colaboradores, Carolina Luciano, Marissa Barranco, Aurora Arias, José Rafael Sosa ; ilustraciones, Massiel González Uceta |
| 250 | _aPrimera edición | ||
| 264 | 1 |
_aSanto Domingo : _bEditora Búho, _c2024. |
|
| 300 |
_a74 páginas : _bilustraciones ; _c22 cm. |
||
| 336 |
_atexto _btxt _2rdacontent |
||
| 337 |
_asin mediación _bn _2rdamedia |
||
| 338 |
_avolumen _bnc _2rdacarrier |
||
| 500 | _aIncluye datos biográficos del autor en la solapas | ||
| 590 | _aInventariado, 2025/BT | ||
| 700 | 1 |
_aCruz, Graciela de la, _erevisión _92088 |
|
| 700 | 1 |
_aLuciano, Carolina, _ecolaborador _4col. _987988 |
|
| 700 | 1 |
_aBarranco, Marissa, _ecolaborador _4col. _987989 |
|
| 700 | 1 |
_aArias, Aurora, _ecolaborador _4col. _923145 |
|
| 700 | 1 |
_aSosa, José Rafael, _ecolaborador _4col. |
|
| 700 | 1 |
_aGonzález Uceta, Massiel, _eilustrador _4il. _985158 |
|
| 910 | _aBtavárez | ||
| 942 |
_2ddc _cLBS1 |
||
| 999 |
_c58543 _d58543 |
||